Elogio de Maximiliano de Bethune Duque de Sully... discurso... que escribio el Señor Thomas que la Academia Francesa premió en 1763

Detalles Bibliográficos
Autor principal: Thomas, Antoine Leonard (1732-1785)
Formato: Libro
Lenguaje:Undetermined
Spanish
Publicado: s.l. : En la Imprenta Real de la Gaceta, 1763.
Materias:
Colección:Banco de datos
Acervo:Biblioteca Palafoxiana. Colección bibliográfica
Descripción Física:171 p. ; 8°
Tema general:Biografías
Notas:Marca de fuego: Colegio de San Juan. Daños en la encuadernación. Número de localización: 24937
LEADER 00688nam a2200169Ia 4500
008 150723s9999 xx 000 0 und d
041 0 |a spa 
050 0 |a PAFX CT31 T4 
100 1 |a Thomas, Antoine Leonard (1732-1785) 
245 1 0 |a Elogio de Maximiliano de Bethune Duque de Sully... discurso... que escribio el Señor Thomas que la Academia Francesa premió en 1763 
260 |a s.l. : En la Imprenta Real de la Gaceta, 1763. 
300 |a 171 p. ; 8° 
500 |a Marca de fuego: Colegio de San Juan. Daños en la encuadernación. Número de localización: 24937 
650 1 0 |a Biografías 
942 |c PALALIB 
943 |g Biblioteca Palafoxiana. Colección bibliográfica 
999 |c 1047111  |d 1047111